LEADER 01084cam0-2200337---450- 001 990005823010403321 005 20140327113859.0 010 $a84-7651-226-0 035 $a000582301 035 $aFED01000582301 035 $a(Aleph)000582301FED01 035 $a000582301 100 $a19990604d1995----km-y0itay50------ba 101 0 $aspa 102 $aES 105 $a--------001yy 200 1 $aJuegos dramáticos de la locura festiva$epastores, simples, bobos y graciosos del teatro clásico español$fAlfredo Hermenegildo 210 $aPalma de Mallorca$cOlañeta$d1995 215 $a308 p.$d24 cm 225 1 $aOro viejo$v2 610 0 $aFeste popolari$aSpagna$aSec. 16.-17.$aRappresentazioni teatrali 610 0 $aTeatro popolare$aSpagna$aSec. 16.-17.$aPersonaggi 676 $a862.309 700 1$aHermenegildo,$bAlfredo$0163399 801 0$aIT$bUNINA$gRICA$2UNIMARC 901 $aBK 912 $a990005823010403321 952 $a862.309 HER 1$bDip.f.m.8698$fFLFBC 959 $aFLFBC 996 $aJuegos dramáticos de la locura festiva$9567398 997 $aUNINA LEADER 01548nam--2200421---450- 001 990001609730203316 005 20120123131834.0 010 $a88-8241-034-X$b(vol. 1) 010 $a88-8241-035-8$b(vol. 2) 035 $a000160973 035 $aUSA01000160973 035 $a(ALEPH)000160973USA01 035 $a000160973 100 $a20040427d1999----km-y0itay50------ba 101 0 $aita 102 $aIT 105 $aa|||||||101yy 200 1 $aPortella della Ginestra 50 anni dopo (1947-1997) 210 $aCaltanissetta$aRoma$cSciascia$d1999 215 $a2 volumi (415; 237 p.)$cill.$d24 cm 300 $aIn testa al frontespizio: Provincia regionale di Palermo, Comune di Piana degli Albanesi, Biblioteca comunale G. Schirò 327 1 $aVol. 1: Atti del Convegno : (Piana degli Albanesi, 28-30 aprile 1997) / a cura di Pietro Manali$aVol. 2: Documenti / raccolti, scelti, introdotti e annotati da Giuseppe Casarrubea 517 1 $aAtti del Covegno 517 1 $aDocumenti 606 0 $aStragi$xPortella della Ginestra$z1947$2BNCF 676 $a364.15230945823 702 1$aMANALI,$bPietro 702 1$aCASARRUBEA,$bGiuseppe 801 0$aIT$bsalbc$gISBD 912 $a990001609730203316 951 $aX.3.B. 6306 1$b6707 L.G.$cX.3.$d00305830 951 $aX.3.B. 6306 2$b6708 L.G.$cX.3.$d00305831 959 $aBK 969 $aUMA 979 $aSIAV7$b10$c20040427$lUSA01$h1544 979 $aANNAMARIA$b90$c20120123$lUSA01$h1318 996 $aPortella della Ginestra 50 anni dopo (1947-1997$9944919 997 $aUNISA LEADER 01682nas 2200529-a 450 001 996211919603316 005 20240112213020.0 035 $a(DE-599)ZDB2525670-1 035 $a(OCoLC)71127221 035 $a(CKB)1000000000239769 035 $a(CONSER)--2006234120 035 $a(EXLCZ)991000000000239769 100 $a20060824a20059999 --- a 101 0 $aeng 135 $aurcn||||||||| 181 $ctxt$2rdacontent 182 $cc$2rdamedia 183 $acr$2rdacarrier 200 00$aAfrican diaspora archaeology newsletter 210 $aUrbana, Ill. $cUniversity of Illinois, Urbana-Champaign$d©2005- 311 $a1933-8651 517 3 $aNewsletter 531 $aNEWSLETTER 606 $aAfrican diaspora$vPeriodicals 606 $aAfricans$xMigrations$vPeriodicals 606 $aAfrican Americans$xHistory$vPeriodicals 606 $aAfrican Americans$2fast$3(OCoLC)fst00799558 606 $aAfrican diaspora$2fast$3(OCoLC)fst00799755 606 $aAfricans$xMigrations$2fast$3(OCoLC)fst00799945 606 $aAntiquities$2fast$3(OCoLC)fst00810745 607 $aAmerica$xAntiquities$vPeriodicals 607 $aAmerica$2fast 608 $aHistory.$2fast 608 $aPeriodicals.$2fast 615 0$aAfrican diaspora 615 0$aAfricans$xMigrations 615 0$aAfrican Americans$xHistory 615 7$aAfrican Americans. 615 7$aAfrican diaspora. 615 7$aAfricans$xMigrations. 615 7$aAntiquities. 676 $a304.8 712 02$aAfrican Diaspora Archaeology Network. 906 $aJOURNAL 912 $a996211919603316 996 $aAfrican diaspora archaeology newsletter$91913439 997 $aUNISA